Statistics for Films by Picture #1

Click here to take the quiz!

General Stats

  • This quiz has been taken 397 times
  • The average score is 8 of 15

Answer Stats

Answer% Correct
Titanic
99%
101 Dalmatians
90%
Jaws
89%
Seven
84%
Men in Black
79%
Apollo 13
68%
Car Wash
56%
Alien
46%
The Graduate
46%
Bus Stop
40%
Ghost
40%
Grease
30%
Chinatown
29%
American Graffiti
23%
The Jazz Singer
18%

Score Distribution

Percentile by Number Answered

Percent of People with Each Score

Your Score History

You have not taken this quiz